000 00427nam a22001817a 4500
003 MPLRDC
005 20220104113631.0
008 210129b ||||| |||| 00| 0 eng d
020 _a962-447-073-1
082 _a857.621 NK-5 v.85
100 _a倪匡
245 _a飞焰
_c
260 _a
_b明窗出版社
_c
300 _b
490 _a卫斯理科幻系列
650 _a科幻小说
942 _cBK
_o857.621 NK-5 v.85
999 _c1157
_d1147